000 01152nam a2200301 i 4500
003 DO-SdBNP
005 20240503073632.0
007 ta
008 230328b1912 fr ||||| |||| 00| 0 spa d
040 _aDO-SdBNP
_bspa
_cBNPHU
_erda
082 4 _a863.3
_bC419d 1912
_222
100 1 _aCervantes Saavedra, Miguel de,
_d1547-1616
_93070
240 1 0 _aDon Quijote de la Mancha.
_lEspañol
245 1 3 _aEl ingenioso hidalgo don Quijote de la Mancha /
_cMiguel de Cervantes Saavedra ; comentado por D. Diego Clemencín; edición anotada Miguel de Toro Gómez.
250 _aNueva edición anotada por Miguel de Toro Gómez
264 _aParis, Francia :
_bSociedad de ediciones literarias y artísticas,
_c1912.
300 _a490 páginas ;
_c21 cm.
336 _2rdacontent
_atexto
_btxt
337 _2rdamedia
_asin mediación
_bn
338 _2rdacarrier
_avolumen
_bnc
590 _aInventariado, 2023/BT
650 4 _aNovela española
_91123
650 4 _aLiteratura española
_9632
700 1 _aToro Gómez, Miguel de,
_eedición
_915860
700 1 _aClemencín, Diego
_dComentarios
_983399
910 _aBT/Validado, 2023/MFF
942 _2ddc
_cLBS1
999 _c53183
_d53183